| 000 | 01213nam a2200253Ia 4500 | ||
|---|---|---|---|
| 003 | Ost | ||
| 005 | 20260507075150.0 | ||
| 008 | 260507s9999||||xx |||||||||||||| ||und|| | ||
| 020 | _a3567169957 | ||
| 040 | _cfsecg | ||
| 041 | _aara | ||
| 082 | _a330 | ||
| 100 |
_aبصبوص، فايز اسماعيل _eمؤلف |
||
| 245 | 0 |
_aاندماج الشركات المساهمة العامة و الآثار القانونية المترتبة عليها / _c فايز اسماعيل بصبوص |
|
| 260 |
_aعمان: _bدار الثقافة, _c2010 |
||
| 300 |
_a255 صفحة؛ _c24 سم |
||
| 504 | _aمراجع ص.249 | ||
| 520 | _aماهية الاندماج ، أثر الاندماج على الشركات و على حقوق المساهمين ، آثار الاندماج على حقوق دائني و مديني الشركات الداخلة فيه ، آثار الاندماج على حملة أسناد القرض و على أصحاب حصص التأسيس ، و على عقود الشركة المندمجة | ||
| 653 | _aالشركات العامة | ||
| 653 | _aالشركات المساهمة | ||
| 653 | _aالقانون التجاري | ||
| 653 | _aالمساهمون | ||
| 942 | _cكتاب | ||
| 999 |
_c43338 _d43338 |
||